000
00320nam a2200133Ia 4500
008
220216s9999 xx 000 0 und d
100
_a
Anitha S
245
0
_a
Rubberinu idavilayaayi oushadha sasyangal
260
_b
Rubber
_c
2021
300
_a
20-23
650
_a
Intercrop
650
_a
Medicianl plants
942
_c
JS
999
_c
68246
_d
68246